[Event "Cotswold Open 2025"]
[Site "?"]
[Date "2025.05.25"]
[Round "3.4"]
[White "Beaumont, Chris"]
[Black "Ashworth, Robert"]
[Result "1-0"]
[WhiteElo "2143"]
[BlackElo "1979"]
[WhiteFideId "-1"]
[WhiteFideId "-1"]
[PlyCount "89"]
[GameId "2196203205916476"]
[SourceVersionDate "2025.06.08"]

{[%evp 0,89,15,26,22,22,18,-3,11,15,24,20,14,21,34,24,22,5,-56,37,13,-84,-10,-27,0,-3,-16,-1,51,41,-66,31,86,61,94,53,101,129,122,16,194,167,251,354,337,348,94,305,290,174,286,465,443,531,704,747,626,678,697,562,617,624,880,785,1010,747,645,752,692,620,643,704,783,709,874,746,638,727,678,752,747,659,722,265,1,249,339,261,29997,29998,29999,29999]} 1. c4 e6 2. Nf3 d5 3. g3 Nf6 4. Bg2 Be7 5. O-O O-O 6. d4 c6 7. Nbd2 b6 8. Qc2 Bb7 9. e4 Na6 10. b3 Rc8 11. Bb2 c5 12. exd5 exd5 13. Rad1 Qc7 14. Rfe1 Nb4 15. Qb1 Rfd8 16. dxc5 bxc5 17. Be5 Qb6 18. Ng5 g6 19. Ba1 Bf8 20. a3 Na6 21. cxd5 Bxd5 22. Bxd5 Nxd5 23. Qb2 f6 24. Ne6 Rd7 25. Nc4 Qb7 26. Rxd5 Qxd5 27. Qxf6 Bg7 28. Nxg7 Rf8 29. Qxa6 Qf3 30. Qe6+ Rdf7 31. Re2 Qxb3 32. Nd6 Qxe6 33. Nxe6 Re7 34. Nf4 Rd7 35. Be5 Rb8 36. Kg2 Rb3 37. Nc4 Rb1 38. Bb2 g5 39. Nh5 Rdd1 40. g4 Kf7 41. Nd6+ Rxd6 42. Ng3 Rc6 43. Nf5 Rc7 44. Nd6+ Kg6 45. Re6# 1-0

[Event "Cotswold Open 2025"]
[Site "?"]
[Date "2025.05.25"]
[Round "3.5"]
[White "Hill, Andy"]
[Black "Gomez, Daniel"]
[Result "0-1"]
[WhiteElo "2037"]
[BlackElo "2124"]
[WhiteFideId "-1"]
[WhiteFideId "-1"]
[PlyCount "60"]
[GameId "2196205798533311"]
[SourceVersionDate "2025.06.08"]

{[%evp 0,21,11,34,13,16,6,7,7,7,6,8,7,-7,-7,-3,10,10,-1,21,21,21,15,-282]} 1. Nf3 d5 2. e3 Nf6 3. c4 e6 4. Nc3 Be7 5. b3 O-O 6. Bb2 c5 7. cxd5 exd5 8. d4 Nc6 9. Be2 Ne4 10. O-O Bf6 11. Na4 cxd4 12. Nxd4 Bd7 13. Rc1 Qe7 14. Nb5 Bxb2 15. Nxb2 Rad8 16. Nd4 Qf6 17. f3 Nxd4 18. exd4 Nd6 19. Qd2 Rfe8 20. g4 h5 21. h3 Qh4 22. Kg2 f5 23. Rh1 f4 24. Qe1 Qf6 25. Qf2 Bb5 26. Bd1 Re3 27. a4 Ba6 28. b4 Ne4 29. fxe4 Rg3+ 30. Kh2 Qh4 0-1

[Event "Cotswold Open 2025"]
[Site "?"]
[Date "2025.05.25"]
[Round "3.6"]
[White "Bolt, Graham"]
[Black "Baer, Bruce"]
[Result "1/2-1/2"]
[WhiteElo "1980"]
[BlackElo "2058"]
[WhiteFideId "-1"]
[WhiteFideId "-1"]
[PlyCount "79"]
[GameId "2196207197026502"]
[SourceVersionDate "2025.06.08"]

1. Nf3 d6 2. g3 g6 3. Bg2 Bg7 4. O-O e5 5. e4 c5 6. c3 Nc6 7. d3 Nge7 8. Be3 f5 9. Qb3 Qb6 10. Nbd2 Qxb3 11. Nxb3 O-O 12. exf5 Nxf5 13. Bd2 h6 14. Rad1 Be6 15. Nc1 a5 16. h3 d5 17. Rfe1 Rae8 18. g4 Nd6 19. b3 g5 20. Nh2 e4 21. Nf1 Bf7 22. Ng3 Bg6 23. dxe4 Nxe4 24. Nxe4 dxe4 25. c4 b6 26. Ne2 Bd4 27. Be3 Bxe3 28. fxe3 Ne5 29. Rf1 Rxf1+ 30. Bxf1 h5 31. gxh5 Bxh5 32. Rd5 Nf3+ 33. Kh1 Bf7 34. Rd6 Kg7 35. Ng3 Bg6 36. Be2 Rh8 37. Kg2 Nh4+ 38. Kh2 Nf3+ 39. Kg2 Nh4+ 40. Kh2 1/2-1/2

[Event "Cotswold Open 2025"]
[Site "?"]
[Date "2025.05.25"]
[Round "3.7"]
[White "Fathallah, Joe"]
[Black "Headlong, Tim"]
[Result "1/2-1/2"]
[WhiteElo "1960"]
[BlackElo "2087"]
[WhiteFideId "-1"]
[WhiteFideId "-1"]
[PlyCount "38"]
[GameId "2196209465694795"]
[SourceVersionDate "2025.06.08"]

1. d4 d5 2. c4 e6 3. Nc3 c5 4. dxc5 d4 5. Ne4 Bxc5 6. Nxc5 Qa5+ 7. Bd2 Qxc5 8. e3 dxe3 9. Bxe3 Qb4+ 10. Qd2 Qxd2+ 11. Kxd2 Nc6 12. Be2 Nge7 13. Nf3 e5 14. Kc3 f6 15. Rhd1 Be6 16. b3 Kf7 17. Rd2 Rhc8 18. Kb2 Nf5 19. Rad1 Nxe3 1/2-1/2

[Event "Cotswold Open 2025"]
[Site "?"]
[Date "2025.05.25"]
[Round "3.8"]
[White "Hariharan, Shambavi"]
[Black "Morrison, Joseph"]
[Result "1-0"]
[WhiteElo "2149"]
[BlackElo "1950"]
[WhiteFideId "-1"]
[WhiteFideId "-1"]
[PlyCount "109"]
[GameId "2196210166565457"]
[SourceVersionDate "2025.06.08"]

1. d4 Nf6 2. c4 e6 3. Nc3 Bb4 4. Nf3 b6 5. g3 Bb7 6. Bg2 O-O 7. O-O Bxc3 8. bxc3 d6 9. Bg5 Nbd7 10. Nd2 Qc8 11. e4 h6 12. Be3 Re8 13. f4 e5 14. fxe5 dxe5 15. d5 Qd8 16. Bh3 Qe7 17. Qf3 Rad8 18. Rf2 Bc8 19. Raf1 Rf8 20. Bf5 Nh7 21. h4 Nc5 22. Bxc8 Rxc8 23. Qg4 Qd7 24. Qh5 f6 25. Bxc5 bxc5 26. Nb3 Qe7 27. Rd1 Rfd8 28. Rfd2 Nf8 29. Qg4 Qd7 30. Qe2 Qd6 31. Na5 Qa6 32. Nc6 Re8 33. Rb1 Nd7 34. Rb5 Qa3 35. Qd3 Qa6 36. Ra5 Qb6 37. Qe2 Qb1+ 38. Rd1 Qb6 39. Qc2 Nb8 40. Rb1 Nxc6 41. Rxb6 axb6 42. Ra6 Na5 43. Qa4 Nb7 44. Ra7 Nd6 45. Qd7 Red8 46. Qc6 Ne8 47. a4 Rd6 48. Qb5 Rdd8 49. Qb3 h5 50. a5 Rb8 51. a6 c6 52. Rb7 Ra8 53. a7 Kf8 54. Qxb6 cxd5 55. Qxc5+ 1-0

[Event "Cotswold Open 2025"]
[Site "?"]
[Date "2025.05.25"]
[Round "3.9"]
[White "Homer, Stephen"]
[Black "Guilfoyle, John"]
[Result "1-0"]
[WhiteElo "2080"]
[BlackElo "1925"]
[WhiteFideId "-1"]
[WhiteFideId "-1"]
[PlyCount "97"]
[GameId "2196589521362979"]
[SourceVersionDate "2025.06.08"]

{[%evp 0,54,17,22,14,31,14,16,24,21,24,-10,-17,-5,-13,-5,35,22,22,22,30,31,42,43,47,-25,55,39,72,73,61,76,65,57,80,66,163,90,89,101,65,39,45,21,89,98,95,100,139,74,0,47,75,66,71,56,78]} 1. e4 c5 2. Nf3 Nc6 3. d4 cxd4 4. Nxd4 e5 5. Ne2 Nf6 6. Nbc3 Bb4 7. a3 Be7 8. g3 d6 9. Bg2 Bg4 10. h3 Be6 11. O-O O-O 12. Nd5 Bxd5 13. exd5 Nb8 14. c4 Nbd7 15. Be3 Ne8 16. Rc1 b6 17. Kh1 Bg5 18. f4 exf4 19. gxf4 Bf6 20. Bd4 Rc8 21. Rc3 Bxd4 22. Nxd4 Qf6 23. Nc6 a5 24. Rg3 Kh8 25. Qg4 Rc7 26. b4 axb4 27. axb4 Qh6 28. Qe2 Nef6 29. Qe7 Nh5 30. Rg5 f6 31. Rxh5 Qxh5 32. Qxd6 Rb7 33. Re1 Re8 34. Rxe8+ Qxe8 35. Qe6 Qf8 36. d6 Nb8 37. Ne7 Rd7 38. c5 bxc5 39. bxc5 Qd8 40. Be4 Ra7 41. Qf5 Ra1+ 42. Kg2 Ra2+ 43. Kg3 Ra3+ 44. Bd3 Rxd3+ 45. Qxd3 Qa5 46. Qe3 Qa8 47. Qb3 Nd7 48. c6 Qa7 49. Qg8# 1-0

[Event "Cotswold Open 2025"]
[Site "?"]
[Date "2025.05.25"]
[Round "3.10"]
[White "Carey, Alex"]
[Black "Robinson, Adam"]
[Result "1-0"]
[WhiteElo "2054"]
[BlackElo "1896"]
[WhiteFideId "-1"]
[WhiteFideId "-1"]
[PlyCount "47"]
[GameId "2196568641798480"]
[SourceVersionDate "2025.06.08"]

1. e4 c5 2. Nf3 Nc6 3. Bb5 g6 4. Bxc6 bxc6 5. O-O Bg7 6. Re1 Nf6 7. e5 Nd5 8. c4 Nc7 9. d4 cxd4 10. Qxd4 O-O 11. Qh4 Ne6 12. Nc3 d5 13. Bh6 Bb7 14. Rad1 Re8 15. Re3 Qa5 16. Ng5 Nf8 17. Rh3 Bc8 18. g4 d4 19. Bxg7 Kxg7 20. Qh6+ Kg8 21. Nd5 Bxg4 22. Nxh7 Bxh3 23. Nhf6+ exf6 24. Nxf6# 1-0

[Event "Cotswold Open 2025"]
[Site "?"]
[Date "2025.05.25"]
[Round "3.11"]
[White "Tamilselvan, Tara"]
[Black "Gillings, Matt"]
[Result "0-1"]
[WhiteElo "1868"]
[BlackElo "2045"]
[WhiteFideId "-1"]
[WhiteFideId "-1"]
[PlyCount "108"]
[GameId "2196569797321266"]
[SourceVersionDate "2025.06.08"]

{[%evp 0,83,18,-12,19,21,17,16,2,13,15,11,29,23,30,27,29,44,42,35,37,43,69,49,64,53,0,17,75,90,103,121,142,114,206,50,84,90,114,93,179,86,62,14,45,20,-19,4,4,-52,-24,-85,-1,-54,-44,60,-89,-100,-111,-117,-129,-128,-32,-127,-69,-146,-65,-153,-149,-170,-103,-135,-41,-90,-78,-157,-71,-238,-183,-183,-195,-205,-204,-173,11,-182]} 1. e4 c5 2. c3 Nf6 3. e5 Nd5 4. d4 cxd4 5. cxd4 e6 6. Nc3 Nxc3 7. bxc3 Qc7 8. Bd2 b6 9. Bd3 Bb7 10. Qg4 d6 11. f4 g6 12. h4 h5 13. Qg3 Nd7 14. Nh3 Bh6 15. Ng5 Nf8 16. Bb5+ Nd7 17. Kf2 Bc6 18. Bd3 Nf8 19. Rae1 Bd5 20. exd6 Qxd6 21. c4 Bxc4 22. Bxc4 Qxd4+ 23. Qe3 Qxc4 24. Rc1 Qd5 25. Ne4 Bg7 26. Bc3 Bxc3 27. Nxc3 Qc5 28. Qxc5 bxc5 29. Ne4 Nd7 30. Nxc5 Rc8 31. Ne4 Ke7 32. Rhd1 Nf6 33. Nxf6 Kxf6 34. Ke3 Rxc1 35. Rxc1 Re8 36. Rc7 Re7 37. Rc8 Rb7 38. Ra8 Kf5 39. Kf3 Rc7 40. a4 f6 41. a5 Rc3+ 42. Ke2 Kxf4 43. Rxa7 Ra3 44. a6 f5 45. Rg7 Rxa6 46. Rxg6 Ra2+ 47. Kd3 Ra3+ 48. Ke2 e5 49. Rg5 Rg3 50. Rxh5 Rxg2+ 51. Kf1 Ra2 52. Kg1 e4 53. Kf1 e3 54. Kg1 Ke4 0-1

[Event "Cotswold Open 2025"]
[Site "?"]
[Date "2025.05.25"]
[Round "3.12"]
[White "Kong, Emma"]
[Black "Hatchett, Paul"]
[Result "1/2-1/2"]
[WhiteElo "1659"]
[BlackElo "1989"]
[WhiteFideId "-1"]
[WhiteFideId "-1"]
[PlyCount "33"]
[GameId "2196571592163903"]
[SourceVersionDate "2025.06.08"]

{[%evp 0,33,16,39,15,15,32,37,38,30,33,28,68,81,64,7,11,7,38,11,-13,11,9,9,22,2,79,11,26,10,26,-2,-166,-35,-38,-50]} 1. d4 Nf6 2. c4 g6 3. Nc3 Bg7 4. e4 O-O 5. Be3 c6 6. e5 Ne8 7. Nf3 d6 8. h3 Nc7 9. Be2 dxe5 10. Nxe5 c5 11. Nf3 cxd4 12. Bxd4 Nc6 13. Bxg7 Kxg7 14. O-O e5 15. Qxd8 Rxd8 16. Rad1 Be6 17. Ng5 1/2-1/2

[Event "Cotswold Open 2025"]
[Site "?"]
[Date "2025.05.25"]
[Round "3.13"]
[White "Sui, Yueyue"]
[Black "Clarke, Ian"]
[Result "1/2-1/2"]
[WhiteElo "1824"]
[BlackElo "1925"]
[WhiteFideId "-1"]
[WhiteFideId "-1"]
[PlyCount "63"]
[GameId "2196576358245526"]
[SourceVersionDate "2025.06.08"]

1. d4 e6 2. c4 f5 3. Nf3 Nf6 4. g3 Be7 5. Bg2 O-O 6. O-O d6 7. Nc3 Ne4 8. Nd2 Nxc3 9. bxc3 e5 10. Bb2 Nd7 11. Qb3 Kh8 12. Rfe1 c6 13. Rad1 Qe8 14. e4 f4 15. Nf3 Qh5 16. Rd3 fxg3 17. hxg3 b6 18. Qa4 b5 19. cxb5 cxb5 20. Qd1 Nb6 21. Nh2 Qxd1 22. Rexd1 Nc4 23. Bc1 Be6 24. d5 Bd7 25. Rf1 Rac8 26. f4 Bf6 27. f5 Bd8 28. g4 h6 29. Rh3 Kg8 30. Rg3 Bh4 31. Rh3 Bd8 32. Rg3 1/2-1/2

[Event "Cotswold Open 2025"]
[Site "?"]
[Date "2025.05.25"]
[Round "3.14"]
[White "Varley, Joe"]
[Black "Hammond, Matthew"]
[Result "1-0"]
[WhiteElo "2096"]
[BlackElo "1893"]
[WhiteFideId "-1"]
[WhiteFideId "-1"]
[PlyCount "53"]
[GameId "2196578143175984"]
[SourceVersionDate "2025.06.08"]

{[%evp 0,53,24,23,46,41,35,51,43,43,43,36,201,18,29,32,50,70,74,20,20,36,8,-11,35,42,56,25,34,-21,42,44,58,160,77,177,71,72,116,48,73,-11,40,18,92,87,97,154,217,152,225,291,279,438,308,276]} 1. e4 Nf6 2. e5 Nd5 3. d4 d6 4. Nf3 g6 5. c4 Nb6 6. Be2 Bg7 7. O-O Nc6 8. exd6 cxd6 9. Nc3 Bg4 10. c5 dxc5 11. dxc5 Nd7 12. Be3 O-O 13. Qb3 Qc8 14. Rac1 Be6 15. Qa4 a6 16. Ng5 Nf6 17. Nxe6 Qxe6 18. Bf3 Rfd8 19. Rfe1 Qd7 20. Bf4 Rac8 21. Rcd1 Qe8 22. Bd6 e6 23. Qb3 Qd7 24. Na4 Na5 25. Qb4 Qb5 26. Qxb5 axb5 27. Nb6 1-0

[Event "Cotswold Open 2025"]
[Site "?"]
[Date "2025.05.25"]
[Round "3.15"]
[White "Holmes, Matthew"]
[Black "Van Kemenade, Julie"]
[Result "1-0"]
[WhiteElo "1927"]
[BlackElo "1710"]
[WhiteFideId "-1"]
[WhiteFideId "-1"]
[PlyCount "55"]
[GameId "2196579982493241"]
[SourceVersionDate "2025.06.08"]

1. Nf3 d6 2. d4 Nf6 3. c4 Nbd7 4. Nc3 g6 5. e4 e5 6. Be3 Bg7 7. Be2 O-O 8. O-O c6 9. Re1 Qe7 10. Qc2 h6 11. h3 Ne8 12. b4 f5 13. exf5 gxf5 14. dxe5 dxe5 15. c5 Ndf6 16. Nh4 Qe6 17. Rad1 Nh7 18. Nb1 Qf6 19. Bc4+ Kh8 20. Nf3 Ng5 21. Bxg5 hxg5 22. Nxe5 Nc7 23. Rd6 Be6 24. Bxe6 Nxe6 25. Nd7 Nd4 26. Qd1 Qf7 27. Nxf8 Rxf8 28. Rxd4 1-0

[Event "Cotswold Open 2025"]
[Site "?"]
[Date "2025.05.25"]
[Round "3.16"]
[White "Lappin, Benjamin"]
[Black "De Piro, Tristram"]
[Result "1-0"]
[WhiteElo "1893"]
[BlackElo "1902"]
[WhiteFideId "-1"]
[WhiteFideId "-1"]
[PlyCount "59"]
[GameId "2196581192468112"]
[SourceVersionDate "2025.06.08"]

{[%evp 0,52,18,-11,-37,-18,3,55,-18,-23,-32,-38,-43,-44,-46,-36,-41,-22,-16,-68,8,-24,37,12,-23,-63,22,-59,-103,-62,-78,-30,-2,-13,0,0,6,0,0,96,-1,-1,145,179,302,344,308,165,326,244,234,264,464,480,485]} 1. f4 c5 2. Nf3 g6 3. g3 Bg7 4. c3 d5 5. Bg2 Nf6 6. O-O O-O 7. d3 Nc6 8. Na3 d4 9. e4 Ng4 10. c4 Ne3 11. Bxe3 dxe3 12. Qe2 e5 13. Nxe5 Nxe5 14. fxe5 Bxe5 15. Kh1 f5 16. Nc2 Bxb2 17. Rab1 Bd4 18. Nxe3 fxe4 19. Rxf8+ Qxf8 20. Bxe4 Qh6 21. Nc2 Qg5 22. Nxd4 cxd4 23. Bxb7 Bg4 24. Qf2 Rf8 25. Qxd4 Bf3+ 26. Bxf3 Rxf3 27. Rb8+ Kf7 28. Qd7+ Kf6 29. Rf8+ Ke5 30. Qd5# 1-0

[Event "Cotswold Open 2025"]
[Site "?"]
[Date "2025.05.25"]
[Round "3.17"]
[White "Kumar, Yuvraj"]
[Black "Attwell, Ben"]
[Result "1/2-1/2"]
[WhiteElo "1855"]
[BlackElo "1895"]
[WhiteFideId "-1"]
[WhiteFideId "-1"]
[PlyCount "63"]
[GameId "2196582433416928"]
[SourceVersionDate "2025.06.08"]

1. Nf3 d5 2. g3 c6 3. Bg2 Nf6 4. d3 Bg4 5. O-O e6 6. c4 Be7 7. a3 Nbd7 8. b4 O-O 9. Nc3 Re8 10. h3 Bh5 11. Re1 h6 12. Qb3 Bg6 13. Bb2 Nh7 14. Na4 Bf6 15. Bxf6 Nhxf6 16. Rac1 Rb8 17. Kh2 dxc4 18. dxc4 Ne4 19. Kg1 Qf6 20. Nc3 Nxc3 21. Rxc3 Ne5 22. Nxe5 Qxe5 23. Re3 Qf6 24. b5 cxb5 25. cxb5 b6 26. Rc3 Qe5 27. Re3 Qc5 28. Bc6 Red8 29. Qa4 Qe7 30. Be4 Bxe4 31. Rxe4 Rbc8 32. Qb3 1/2-1/2

[Event "Cotswold Open 2025"]
[Site "?"]
[Date "2025.05.25"]
[Round "3.18"]
[White "Moldovan, Alexandru"]
[Black "Smith, David"]
[Result "1-0"]
[Annotator "Tipper,Dave"]
[WhiteElo "1894"]
[BlackElo "1859"]
[WhiteFideId "-1"]
[WhiteFideId "-1"]
[PlyCount "163"]
[GameId "2196605070770640"]
[SourceVersionDate "2025.06.08"]

{[%evp 0,135,11,25,-31,-2,12,-10,12,0,-8,-9,34,5,3,-8,-21,0,8,-2,0,-78,16,0,0,-3,8,-64,-12,-35,-14,-1,39,-223,26,-28,-26,-18,-42,6,8,-22,-106,-79,-71,-56,37,-21,29,11,28,0,34,30,27,18,-5,21,5,10,55,122,123,32,54,62,57,35,85,36,78,88,106,83,32,41,112,1,78,87,84,89,115,120,110,110,124,-1,114,94,118,83,98,122,126,51,98,141,141,126,88,76,122,64,96,-1,51,86,64,66,142,73,73,50,60,60,77,21,69,102,71,-71,-44,-85,-1,-1,-1,1,-1,-136,-153,-1,1,1,1,-3,-1,-153]} 1. e4 e6 2. Nf3 d5 3. Nc3 Nf6 4. e5 Nfd7 5. d4 c5 6. Bg5 Qa5 7. Bd2 Qd8 8. dxc5 Bxc5 9. Bd3 Nc6 10. O-O h6 11. Re1 a6 12. a3 b5 13. Qe2 Bb7 14. Nxd5 exd5 15. e6 O-O 16. b4 Bd6 17. exd7 Qxd7 18. c3 Rae8 19. Be3 Ne5 20. Nxe5 Bxe5 21. Qd2 Qc7 22. Rac1 Qc6 23. f4 Bd6 24. Qf2 Qc7 25. g3 Qc6 26. Bd4 Be7 27. Re2 Bf6 28. Rce1 Rxe2 29. Rxe2 Bxd4 30. Qxd4 Re8 31. Kf2 Rxe2+ 32. Bxe2 Bc8 33. Bd3 Bb7 34. Qe5 Qc8 35. Bf5 Qa8 36. Ke2 d4 37. cxd4 Bg2 38. Qe3 Qc6 39. Bd3 Bh1 40. Kd2 Qg2+ 41. Kc3 Qc6+ 42. Kb2 Qg2+ 43. Qe2 Qc6 44. h3 Kf8 45. g4 Bd5 46. Qe5 Qd7 47. Qb8+ Ke7 48. Qb6 Bc6 49. g5 hxg5 50. fxg5 Qxh3 51. Qc5+ Kd8 52. Qf8+ Be8 53. Qd6+ Qd7 54. Qb6+ Ke7 55. Qc5+ Qd6 56. Kc3 Bd7 57. g6 f6 58. Qh5 Qc6+ 59. Kb2 Qd6 60. Qh4 Be6 61. Qe4 Qh2+ 62. Bc2 Qd6 63. Qe3 Qd5 64. Qc3 Qa2+ 65. Kc1 Qc4 66. Qe3 Qf1+ {Draw Offer} 67. Kd2 Qc4 68. Ke1 Qd5 69. Be4 Qg5 70. Qxg5 fxg5 71. Bb7 Bd7 72. Bxa6 Bc6 73. Kf2 Kd7 74. d5 Bxd5 75. Bxb5+ Kd8 76. Bd3 g4 77. Kg3 Be6 78. Be4 Kc7 79. a4 Kb6 80. Bd3 Bd7 81. a5+ Ka7 82. b5 1-0

[Event "Cotswold Open 2025"]
[Site "?"]
[Date "2025.05.25"]
[Round "3.19"]
[White "Poderico, Francesco"]
[Black "Van Kemenade, Rudy"]
[Result "0-1"]
[WhiteElo "1761"]
[BlackElo "1936"]
[WhiteFideId "-1"]
[WhiteFideId "-1"]
[PlyCount "34"]
[GameId "2196607711331773"]
[SourceVersionDate "2025.06.08"]

{[%evp 0,34,17,34,9,17,45,41,43,40,41,31,37,37,48,13,27,-39,0,-225,-211,-124,-184,-270,-162,-124,-431,-1709,-689,-1086,-302,-478,-400,-548,-562,-562,-571]} 1. d4 Nf6 2. c4 e5 3. dxe5 Ng4 4. Nf3 Bc5 5. e3 Nc6 6. Be2 O-O 7. Nbd2 Re8 8. b3 Ncxe5 9. Bb2 Nxf2 10. Kxf2 Ng4+ 11. Kg3 Nxe3 12. Qb1 d5 13. Nd4 Bxd4 14. Bxd4 Nf5+ 15. Kf2 Qh4+ 16. Kf1 Qxd4 17. Nf3 Ne3+ 0-1

[Event "Cotswold Open 2025"]
[Site "?"]
[Date "2025.05.25"]
[Round "3.20"]
[White "Small, Edward"]
[Black "Gartside, Carl"]
[Result "1/2-1/2"]
[WhiteElo "1842"]
[BlackElo "1884"]
[WhiteFideId "-1"]
[WhiteFideId "-1"]
[PlyCount "100"]
[GameId "2196609194903397"]
[SourceVersionDate "2025.06.08"]

1. d4 Nf6 2. Bg5 e6 3. e4 h6 4. Bxf6 Qxf6 5. c3 d5 6. e5 Qd8 7. Nf3 c5 8. dxc5 Bxc5 9. Bd3 O-O 10. b4 Be7 11. O-O Qc7 12. Qd2 Nd7 13. Re1 Nb6 14. Na3 Bd7 15. Rac1 Rac8 16. c4 dxc4 17. Nxc4 Nxc4 18. Rxc4 Qb6 19. a3 Rfd8 20. Bb1 Rxc4 21. Qd3 g6 22. Qxc4 Bc6 23. Qc3 a5 24. bxa5 Qc5 25. Qxc5 Bxc5 26. h3 Bxa3 27. Bc2 Bb4 28. Ra1 Ra8 29. Rb1 Bxa5 30. Nd4 Bd5 31. Nb5 Rc8 32. Bd3 b6 33. Nd6 Rc5 34. f4 h5 35. g4 hxg4 36. hxg4 Rc3 37. Be2 Rc2 38. Kf1 Kf8 39. f5 exf5 40. gxf5 g5 41. Rb5 Bc6 42. Rb3 Rc5 43. f6 Rxe5 44. Rh3 Kg8 45. Rh8+ Kxh8 46. Nxf7+ Kg8 47. Nxe5 Be8 48. Bc4+ Kf8 49. f7 Bxf7 50. Nxf7 Bd2 1/2-1/2

[Event "Cotswold Open 2025"]
[Site "?"]
[Date "2025.05.25"]
[Round "4.1"]
[White "Spence, David"]
[Black "Norris, Zack"]
[Result "1/2-1/2"]
[WhiteElo "2295"]
[BlackElo "2088"]
[WhiteFideId "-1"]
[WhiteFideId "-1"]
[PlyCount "80"]
[GameId "2200180660689440"]
[SourceVersionDate "2025.06.08"]

{[%evp 0,38,11,25,23,-9,24,76,25,7,23,0,1,2,6,8,26,0,27,-10,-20,-20,9,2,2,20,3,0,0,15,24,59,59,59,58,67,89,115,111,90,130]} 1. e4 c5 2. c3 Nf6 3. e5 Nd5 4. d4 cxd4 5. cxd4 d6 6. Nf3 Nc6 7. Bc4 Nb6 8. Bb3 dxe5 9. d5 Na5 10. Nc3 Nxb3 11. Qxb3 e6 12. Nxe5 exd5 13. Be3 Bd6 14. Qb5+ Bd7 15. Nxd7 Qxd7 16. O-O-O Qxb5 17. Nxb5 O-O-O 18. Nxa7+ Kc7 19. Nb5+ Kc6 20. Nd4+ Kc7 21. b3 Be5 22. Nb5+ Kc6 23. a4 Nc8 24. Rd2 Ne7 25. f4 Bb8 26. g3 b6 27. Bd4 Nf5 28. Re1 Rhe8 29. Rc2+ Kb7 30. Rce2 Rxe2 31. Rxe2 Nxd4 32. Re7+ Kc8 33. Nxd4 Rd7 34. Re8+ Kb7 35. Nb5 Bc7 36. Kd2 Bd8 37. Kd3 Bf6 38. Rf8 Kc6 39. Rc8+ Kb7 40. Rf8 Kc6 1/2-1/2

[Event "Cotswold Open 2025"]
[Site "?"]
[Date "2025.05.25"]
[Round "4.2"]
[White "Gomez, Daniel"]
[Black "Stubbs, Oliver"]
[Result "1/2-1/2"]
[WhiteElo "2124"]
[BlackElo "2284"]
[WhiteFideId "-1"]
[WhiteFideId "-1"]
[PlyCount "40"]
[GameId "2199632561648528"]
[SourceVersionDate "2025.06.08"]

{[%evp 0,32,11,21,-43,21,25,25,20,14,0,9,-18,18,0,-15,-1,1,-7,-5,6,-5,6,-6,0,4,-4,-5,0,-9,15,-8,42,82,32]} 1. e4 e6 2. d4 d5 3. Nc3 Nf6 4. e5 Nfd7 5. Nce2 c5 6. c3 Nc6 7. f4 Be7 8. Nf3 O-O 9. Be3 Qb6 10. Qd2 a5 11. a4 f6 12. h4 cxd4 13. cxd4 Qb4 14. Nc3 Nb6 15. h5 Nc4 16. Bxc4 Qxc4 17. h6 Rf7 18. Rh3 Bd7 19. Kf2 Nb4 20. hxg7 Rxg7 1/2-1/2

[Event "Cotswold Open 2025"]
[Site "?"]
[Date "2025.05.25"]
[Round "4.3"]
[White "Ogunshola, Olugbemiga"]
[Black "Beaumont, Chris"]
[Result "1-0"]
[WhiteElo "2197"]
[BlackElo "2143"]
[WhiteFideId "-1"]
[WhiteFideId "-1"]
[PlyCount "63"]
[GameId "2199633631339530"]
[SourceVersionDate "2025.06.08"]

1. c4 g6 2. g3 Bg7 3. Bg2 c5 4. Nc3 Nc6 5. Nf3 e5 6. O-O d6 7. d3 Nge7 8. a3 a5 9. Rb1 O-O 10. b3 d5 11. Bd2 Rb8 12. cxd5 Nxd5 13. Nxd5 Qxd5 14. Nxe5 Qxe5 15. Bxc6 bxc6 16. Bf4 Qh5 17. Bxb8 Bh3 18. Bf4 g5 19. Bd6 Re8 20. e3 g4 21. Bf4 Be5 22. Re1 Re6 23. Bxe5 Rxe5 24. b4 axb4 25. axb4 Rf5 26. bxc5 Rf3 27. Rb8+ Kg7 28. Qa1+ Kh6 29. Rg8 f6 30. Qa7 Qf5 31. Qg7+ Kh5 32. Rh8 1-0

[Event "Cotswold Open 2025"]
[Site "?"]
[Date "2025.05.25"]
[Round "4.4"]
[White "James, Russell"]
[Black "Ashworth, Michael"]
[Result "1/2-1/2"]
[WhiteElo "2178"]
[BlackElo "2194"]
[WhiteFideId "-1"]
[WhiteFideId "-1"]
[PlyCount "33"]
[GameId "2199635492521419"]
[SourceVersionDate "2025.06.08"]

{[%evp 0,33,19,19,29,67,27,5,15,15,16,17,17,22,24,131,38,39,46,103,43,45,56,20,49,124,81,26,26,-32,45,9,42,-50,16,-4]} 1. Nf3 g6 2. c4 Bg7 3. g3 e5 4. Nc3 Nc6 5. Bg2 d6 6. O-O f5 7. d3 Nf6 8. Rb1 O-O 9. b4 h6 10. b5 Ne7 11. c5 g5 12. Qb3+ Kh7 13. b6 axb6 14. cxd6 cxd6 15. Be3 Nc6 16. Qxb6 Qe7 17. a4 1/2-1/2

[Event "Cotswold Open 2025"]
[Site "?"]
[Date "2025.05.25"]
[Round "4.5"]
[White "Carey, Alex"]
[Black "Hariharan, Shambavi"]
[Result "1/2-1/2"]
[WhiteElo "2054"]
[BlackElo "2149"]
[WhiteFideId "-1"]
[WhiteFideId "-1"]
[PlyCount "71"]
[GameId "2199636394960338"]
[SourceVersionDate "2025.06.08"]

{[%evp 0,66,19,7,15,29,23,0,12,17,10,10,20,24,24,12,27,16,14,10,-13,11,28,0,33,18,32,33,51,121,52,0,30,23,24,27,26,72,97,26,81,76,9,80,85,86,88,50,76,78,83,33,-52,0,101,91,104,30,-241,27,27,27,23,-79,-8,37,-68,23,138]} 1. e4 e5 2. Nf3 Nc6 3. Bc4 Nf6 4. d3 Bc5 5. c3 d6 6. O-O h6 7. Nbd2 O-O 8. a4 a5 9. Re1 Be6 10. h3 Qb8 11. Qb3 Re8 12. Bxe6 fxe6 13. Nc4 Qa7 14. Be3 Bxe3 15. fxe3 Kh8 16. Qb5 Rad8 17. b4 axb4 18. cxb4 Ne7 19. a5 Ra8 20. Ncd2 Ng6 21. Qc4 c6 22. Qc3 Qa6 23. Nc4 Rad8 24. Reb1 Kg8 25. Qb3 d5 26. Ncxe5 Nxe5 27. Nxe5 dxe4 28. b5 cxb5 29. d4 Rd5 30. Qb4 Qa8 31. Rc1 Qd8 32. a6 bxa6 33. Rxa6 Nd7 34. Nxd7 Qxd7 35. Qa5 Qe7 36. Rc7 1/2-1/2